00785npc a2200193Ia 4500001002200000003001000022005001700032008004100049040002500090041000700115100004600122245005500168260006500223300001100288500010900299501015100408650001500559654001700574dg4-1753 [d000001830]IT-MiCISF20231023142209.0161014s9999||||xx | und|| aIT-MiCISFcIT-MiCISF ait aCISF Centro Internazionale Studi Famiglia 0aMassmedia e famiglia.bSegnalazioni bibliografiche a Milano,bCISF - Centro Internazionale Studi Famiglia,c1981 app. 20 aCentro Internazionale Studi Famiglia - Centro documentazione / massmedia, famiglia, chiesa, società /  aSupplemento a; "Documenti. La famiglia in un mondo che cambia", n. 22-23, 1981 in occasione del Congresso internazionale "Mass media e famiglia" amass-media abibliografia